Studie radí procházku na čerstvém vzduchu
Vedecké štúdie dokázali že k spokojnosti v práci prispieva každodenný pobyt na čerstvom vzduchu. Rannné prechádzky môžu pomôcť v boji proti stresu. Firma Google sa snažila nájsť jednotný návod, ako mať úspešný a spokojný tím, ale výsledky boli rozdielne. Analytici došli k záveru, že nepísané pravidl...
Gespeichert in:
| 1. Verfasser: | |
|---|---|
| Format: | Buchkapitel |
| Sprache: | Tschechisch |
| Schlagworte: | |
| Tags: |
Keine Tags, Fügen Sie das erste Tag hinzu!
|
MARC
| LEADER | 00000naa a2200000 4500 | ||
|---|---|---|---|
| 001 | 0240032 | ||
| 005 | 20180208092338.2 | ||
| 041 | 0 | |a cze | |
| 044 | |a CZ | ||
| 245 | 1 | 0 | |a Studie radí procházku na čerstvém vzduchu |c Kristýna Pružinová |
| 520 | |a Vedecké štúdie dokázali že k spokojnosti v práci prispieva každodenný pobyt na čerstvom vzduchu. Rannné prechádzky môžu pomôcť v boji proti stresu. Firma Google sa snažila nájsť jednotný návod, ako mať úspešný a spokojný tím, ale výsledky boli rozdielne. Analytici došli k záveru, že nepísané pravidlá ako tradície alebo správanie každého člena tímu mimoriadne vplýva na jeho šťastie v práci. | ||
| 610 | 2 | 0 | |a prieskum |
| 610 | 2 | 0 | |a firmy |
| 610 | 2 | 0 | |a podmienky pracovné |
| 610 | 2 | 0 | |a spokojnosť v práci |
| 610 | 2 | 0 | |a emócie |
| 100 | 1 | |a Pružinová, Kristýna | |